000 00848nam a2200253 i 4500
001 bg
245 1 0 _aKodeks celny :
_bustawy okołokodeksowe /
_coprac. Przemysław Kierończyk ; słowo wstępne Andrzej Drwiłło.
250 _aStan prawny na dzień 2 września 1998 r.
260 _aSopot :
_b"Lex",
_c1998.
300 _a278 s. ;
_c21 cm.
490 1 _aSeria z Paragrafem
500 _aZbiór zawiera ogłoszone zmiany, które wchodzą w życie z dniem 1 stycznia 1999 r.
650 9 _aCło
_xprawo
_zPolska
_ystan na 1999 r.
700 1 _aKIEROŃCZYK, Przemysław.
_eOprac.
700 1 _aDRWIŁŁO, Andrzej.
_ewstęp
830 _aSeria z Paragrafem
020 _a8371592051
040 _cBPK
041 0 _apl
080 _a346.61(438)(094.4)
920 _a83-7159-205-1
942 _cKS
008 s pl f |000 0 pol
999 _c36133
_d36133
856 _uhttp://koha.tu.koszalin.pl/cgi-bin/koha/opac-detail.pl?biblionumber=36133
_yKatalog online BPK